01098nam a22002297a 4500003000500000005001700005008004100022010001000063011001000073035001100083040000900094082001600103110014700119245028900266260016200555300002200717500006800739650001600807650001500823650001900838650001100857CHAP20220329143151.0060927d2006 mx d r 00110 spa d a92808 a93780 a104361 cCHAP04a364.152bM42 aMéxico. Procuraduría General de la República.bSubprocuraduría de Derechos Humanos, Atención a Víctimas y Servicios a la Comunidad10aInforme final. Fiscalía Especial para la Atención de Delitos Relacionados con los Homicidios de Mujeres en el Municipio de Juárez, Chihuahuac/por Procuraduría General de la República. Subprocuraduría de Derechos Humanos, Atención a Víctimas y Servicios a la Comunidad aMéxico, D. F. :bProcuraduría General de la República. Subprocuraduría de Derechos Humanos, Atención a Víctimas y Servicios a la Comunidad,c2006 a430 p. :bcuadros aEn portada: Derechos Humanos para Todos, por un México Mejor.14aAtención.14aHomicidio.14aInformación.14aMujer.